Представление документа в формате RUSMARC

ПолеНазваниеЗначение
  Тип записи a
  Библиографический уровень m
001 Контрольный номер RU\NLR\bibl\816223
005 Дата корректировки 20201206204725.0
010 Индекс ISBN __
a ISBN 5-7905-3357-4
d Цена 300-00
100 Данные общей обработки __
a Данные общей обработки 19050706d2005 |||y0rusy0189 ca
101 Язык документа 0_
a Язык текста rus
c Язык оригинала rus
102 Страна публикации __
a Страна публикации RU
105 Кодированные данные (монография) __
a Кодированные данные (монография) y |||||||zy
200 Заглавие и сведения об ответственности 1_
a Заглавие Словарь-справочник лекарственных препаратов
e Сведения, относящиеся к заглавию [13000 названий лекарств. средств, соврем. классификация, распределение по основ. показаниям к применению]
f Первые сведения об ответственности М. Д. Машковский, С. Д. Южаков
b Общее обозначение материала Текст
210 Выходные данные __
a Место издания М.
c Издательство РИПОЛ классик
d Дата издания 2005
215 Физическое описание __
a Объем 632, [2] с.
225 Серия __
a Серия Домашняя медицинская энциклопедия
300 Общие примечания __
a Общие примечания На обороте тит.л. авт.: акад. РАМН, д.м.н., проф. М.Д. Машковский, д.м.н. С.Д. Южаков
320 Библиография __
a Библиография Лит. источники: с. 634
330 Аннотация __
a Аннотация Как разобраться в потоке информации о лекарствах и выбрать оптимальное средство лечения? Узнать способ применения и возможное побочное действие препарата, которое выписал врач?
606 Тематические рубрики __
a Основная рубрика Здравоохранение. Медицинские науки
606 Тематические рубрики __
a Основная рубрика Фармакология
610 Ключевые слова __
a Ключевые слова фармацевтические препараты; лекарственные препараты; лекарственные средства; фармакологические группы; фармакотерапевтические группы; фармакологические препараты; фармакологическая терминология
686 Индексы других классификаций __
a Классификационный индекс 52.817я22
700 Автор _1
a Фамилия Машковский
b Имя М. Д.
g Полное личное имя Михаил Давыдович
4 Код отношения 070
702 Вторичная интеллектуальная ответственность _1
a Фамилия Южаков
b Имя С. Д.
4 Код отношения Автор
g Полное личное имя Сергей Данилович
4 Код отношения 070
801 Источник записи _0
a Страна RU
b Организация Муниципальное бюджетное учреждение культуры "Централизованная библиотечная система" г. Сургут (Центральная городская библиотека им. А. С. Пушкина)
c Дата составления 20050706
g Правила каталогизации КиК/Поспелова
801 Источник записи _1
a Страна RU
b Организация Муниципальное бюджетное учреждение культуры "Централизованная библиотечная система" г. Сургут (Центральная городская библиотека им. А. С. Пушкина)
c Дата составления 20050706
g Правила каталогизации КиК/Поспелова
852 Данные о местонахождении __
j Шифр хранения 52.817я22
c Каталожный индекс 52.81я2
i Авторский знак М 38
901 Тип документа __
t Тип документа m
903 Характеристики (МАРС) __
a Дата передачи 20100507
969 Тип издания __
a Тип издания словарь; справочник
990 Данные о заказе (DOS) __
j Количество экземпляров (DOS) 1
t N записи в КСУ для И/У (DOS) 201005